SRB'S MANUAL OF SURGERY (Record no. 30604)

MARC details
000 -LEADER
fixed length control field 00337nam a22001577a 4500
003 - CONTROL NUMBER IDENTIFIER
control field SGT
020 ## - INTERNATIONAL STANDARD BOOK NUMBER
International Standard Book Number 9789356961852
082 ## - DEWEY DECIMAL CLASSIFICATION NUMBER
Classification number 617
Item number S23B
100 ## - MAIN ENTRY--PERSONAL NAME
Personal name BHAT, M. SRIRAM
245 ## - TITLE STATEMENT
Title SRB'S MANUAL OF SURGERY
250 ## - EDITION STATEMENT
Edition statement 7TH
260 ## - PUBLICATION, DISTRIBUTION, ETC. (IMPRINT)
Place of publication, distribution, etc INDIA
Name of publisher, distributor, etc JAYPEE PUB
Year of Publication 2023
300 ## - PAGE DESCRIPTION
No. of Pages 1296
650 ## - SUBJECT ADDED ENTRY--TOPICAL TERM
Topical term or geographic name as entry element GENRAL SURGERY
942 ## - ADDED ENTRY ELEMENTS (KOHA)
Source of classification or shelving scheme Dewey Decimal Classification
Koha item type Books
Holdings
Withdrawn status Lost status Source of classification or shelving scheme Damaged status Not for loan Collection code Home library Current library Shelving location Date acquired Vendor Name Cost, normal purchase price SGTU Bill Number Full call number Accession No. (Barcode) Date last seen Bill Date Koha item type Total Checkouts Date last borrowed Total Renewals Checked out
    Dewey Decimal Classification   Not For Loan MEDICAL SGT Medical Library SGT Medical Library Reference Book 11/02/2025 ABC DELHI 1850.00 SGTU 20461 617 S23B FM14776 02/04/2025 11/02/2025 Books        
    Dewey Decimal Classification     MEDICAL SGT Medical Library SGT Medical Library Text Book 11/02/2025 ABC DELHI 1850.00 SGTU 20461 617 S23B FM14777 03/06/2026 11/02/2025 Books 19 25/05/2026    
    Dewey Decimal Classification     MEDICAL SGT Medical Library SGT Medical Library Text Book 11/02/2025 ABC DELHI 1850.00 SGTU 20461 617 S23B FM14778 03/06/2026 11/02/2025 Books 12 03/06/2026 1 03/07/2026